|
|
|
|
| LEADER |
00000nam a2200000 a 4500 |
| 001 |
UCV2122 |
| 003 |
CL-VaPUC |
| 008 |
911031e19860000CL |||||||||||||||||spa|d |
| 082 |
0 |
4 |
|a 230
|b CON
|2 21
|
| 110 |
2 |
|
|a Congregación para la Doctrina de la Fe
|e author
|9 296366
|
| 245 |
1 |
0 |
|a Instrucción sobre libertad cristiana y liberación
|
| 300 |
|
|
|a 58 p
|
| 942 |
|
|
|c BK
|
| 945 |
|
|
|d 19911031 00:00:00
|
| 260 |
|
|
|a Santiago
|b Paulinas
|c 1986
|
| 650 |
|
0 |
|a Libertad
|9 255686
|
| 650 |
|
0 |
|a Aspectos religiosos
|9 257320
|
| 650 |
|
0 |
|a Cristianismo
|9 257361
|
| 583 |
|
|
|a last modification
|c 19911031 00:00:00
|k Rodrigo Vera
|
| 999 |
|
|
|c 209806
|d 209804
|
| 952 |
|
|
|0 0
|1 0
|4 0
|6 230_000000000000000_CON_1986
|7 0
|8 A
|9 185584
|a BIBDER
|b BIBDER
|d 2019-11-14
|i 2530430
|o 230 CON 1986
|p 2530430
|r 2023-01-25
|w 2019-11-14
|y BK
|k DER
|
| 952 |
|
|
|0 0
|1 0
|4 0
|6 230_000000000000000_CON_1986
|7 0
|8 A
|9 185585
|a BIBEDU
|b BIBEDU
|d 2019-11-14
|i 1606247
|o 230 CON 1986
|p 1606247
|r 2019-11-14
|w 2019-11-14
|y BK
|k EDU
|
| 952 |
|
|
|0 0
|1 0
|4 0
|6 230_000000000000000_CON_1986
|7 0
|8 A
|9 185586
|a BIBEDU
|b BIBEDU
|d 2019-11-14
|i 3226549
|o 230 CON 1986
|p 3226549
|r 2019-11-14
|w 2019-11-14
|y BK
|k EDU
|
| 952 |
|
|
|0 0
|1 0
|2 ddc
|4 0
|6 230_000000000000000_CON_1986
|7 0
|8 A
|9 185587
|a BIBDER
|b BIBDER
|d 2019-11-14
|i 3283992
|o 230 CON 1986
|p 3283992
|r 2023-01-25
|w 2019-11-14
|y MX
|k DER
|
| 952 |
|
|
|0 0
|1 0
|2 ddc
|4 0
|6 230_000000000000000_CON_1986
|7 0
|8 A
|9 185588
|a BIBDER
|b BIBDER
|d 2019-11-14
|i 3331660
|o 230 CON 1986
|p 3331660
|r 2023-01-25
|w 2019-11-14
|y MX
|k DER
|
| 952 |
|
|
|0 0
|1 0
|4 0
|6 230_000000000000000_CON_1986
|7 0
|8 A
|9 185589
|a BIBHIS
|b BIBHIS
|d 2019-11-14
|i 1208292
|o 230 CON 1986
|p 1208292
|r 2025-01-20
|w 2019-11-14
|y BK
|k HIS
|
| 952 |
|
|
|0 0
|1 0
|4 0
|6 230_000000000000000_CON_1986
|7 0
|8 A
|9 185590
|a BIBTEO
|b BIBTEO
|d 2019-11-14
|i 2090147
|o 230 CON 1986
|p 2090147
|r 2025-01-17
|w 2019-11-14
|y BK
|k ICR
|
| 952 |
|
|
|0 0
|1 2
|4 0
|6 230_000000000000000_CON_1986
|7 0
|8 A
|9 185591
|a BIBTEO
|b BIBTEO
|d 2019-11-14
|i 2090155
|o 230 CON 1986
|p 2090155
|r 2019-11-14
|w 2019-11-14
|x Descarte 2019
|y BK
|k ICR
|
| 952 |
|
|
|0 0
|1 2
|4 0
|6 230_000000000000000_CON_1986
|7 0
|8 A
|9 185592
|a BIBTEO
|b BIBTEO
|d 2019-11-14
|i 2090163
|o 230 CON 1986
|p 2090163
|r 2019-11-14
|w 2019-11-14
|x Descarte 2019
|y BK
|k ICR
|
| 952 |
|
|
|0 0
|1 2
|4 0
|6 230_000000000000000_CON_1986
|7 0
|8 A
|9 185593
|a BIBTEO
|b BIBTEO
|d 2019-11-14
|i 2090171
|o 230 CON 1986
|p 2090171
|r 2019-11-14
|w 2019-11-14
|x Descarte 2019
|y BK
|k ICR
|
| 952 |
|
|
|0 0
|1 2
|4 0
|6 230_000000000000000_CON_1986
|7 0
|8 A
|9 185594
|a BIBTEO
|b BIBTEO
|d 2019-11-14
|i 209018K
|o 230 CON 1986
|p 209018K
|r 2019-11-14
|w 2019-11-14
|x Descarte 2019
|y BK
|k ICR
|
| 952 |
|
|
|0 0
|1 0
|4 0
|6 230_000000000000000_CON_1986
|7 0
|8 A
|9 185595
|a BIBTEO
|b BIBTEO
|d 2019-11-14
|i 4246225
|o 230 CON 1986
|p 4246225
|r 2025-01-17
|w 2019-11-14
|y BK
|k ICR
|
| 952 |
|
|
|0 0
|1 0
|4 0
|6 230_000000000000000_CON_1986
|7 0
|8 X
|9 185596
|a FDOBUD
|b FDOBUD
|d 2019-11-14
|i 4596129
|o 230 CON 1986
|p 4596129
|r 2019-11-14
|w 2019-11-14
|y BK_X
|k BUD
|